00568nam a22002057a 450000500170000001000130001702000230003003500130005303700160006604000120008208200180009410000180011224500490013025000120017926000370019127000370022830000300026565000310029565000360032620170124105951.0 aA-947977 c100.00a8170144981 aA-947977 bCen Lib/Ret aDPLbEN a331.2026bKAP aKapoor, N. D. aHandook of industrial law /cby N. D. Kapoor a12th ed aNew DelhibSultan Chand and Sons a23, DaryaganjbNew Delhie110002 avarious pagingsc22cm(Hb) aLabor laws and legislation aIndustrial laws and legislation